| 000 | 01353nam a22002537a 4500 | ||
|---|---|---|---|
| 999 |
_c22357 _d22357 |
||
| 003 | AR-CdUCM | ||
| 008 | 190429b ||||| |||| 00| 0 spa d | ||
| 040 |
_aMUNICIPALIDAD PROVINCIAL DEL CUSCO _cBIBLIOTECA MUNICIPAL DEL CUSCO |
||
| 082 | _aCultivando/N°2/2011 | ||
| 245 |
_aCultivando valores : _bRevista Magisterial / _cAsociación Provincial de Profesores de Educación primaria del Cusco |
||
| 260 |
_aCusco. _bCasa del Maestro, _c2011. |
||
| 300 |
_a104 páginas. : _bilustraciones ; _c29 cm. |
||
| 440 |
_aCultivando valores. _nAño II, N°02, 2011-2012 _947926 |
||
| 500 | _aRevista donada por la Mesa Redonda Panamericana. | ||
| 505 | _aContenido: Fundadores Asociación Provincial de Profesores de Educación Primaria del Cusco. -- Casa del Maestro patrimonio institucional. -- Pasado presente del Cusco legendario. -- Origen del nombre de las calles del Cusco colonial. -- Homenaje a Clorinda Matto de Turner. -- Asentamiento de los Killki. -- Nuevo tipo de contaminación ambiental en Cusco. ... | ||
| 650 |
_aHistoria institucional _947480 |
||
| 650 |
_aClorinda Matto deTurner _947481 |
||
| 650 |
_aHistoria urbana _913611 |
||
| 700 |
_aBarreda Murillo, Luis _931369 |
||
| 700 |
_aCarreño, Ángel _927901 |
||
| 710 |
_aAsociación Provincial de Profesores de Educación Primaria del Cusco _947927 |
||
| 942 |
_2ddc _cPP |
||
| 945 | _arac | ||